Queens Park Rangers Squad 2023-2024 - Statistics

General Stats
  • This quiz has been taken 15 times
  • The average score is 16 of 31
Answer Stats
# Position Nation Player % Correct
1 GK Bosnia and Herzegovina Asmir Begović
82%
10 MF Morocco Ilias Chair
82%
12 FW Switzerland Michael Frey
82%
3 DF Ireland Jimmy Dunne
73%
9 FW Scotland Lyndon Dykes
73%
- Coach Spain Martí Cifuentes
73%
4 MF England Jack Colback
64%
22 DF Suriname Kenneth Paal
64%
25 MF Denmark Lucas Andersen
64%
5 DF England Steve Cook
64%
7 FW England Chris Willock
55%
14 MF England Isaac Hayden
55%
11 FW Northern Ireland Paul Smyth
55%
8 MF England Sam Field
55%
30 FW Ireland Sinclair Armstrong
55%
37 FW Ghana Albert Adomah
45%
- Coach England Gareth Ainsworth
45%
6 DF England Jake Clarke-Salter
45%
16 MF Ireland Joe Hodge
45%
2 DF Sierra Leone Osman Kakay
45%
20 DF United States Reggie Cannon
45%
17 MF England Andre Dozzell
36%
23 FW United States Charlie Kelman
36%
13 GK Scotland Jordan Archer
36%
15 DF Wales Morgan Fox
36%
24 MF Guyana Stephen Duke-McKenna
36%
18 MF England Taylor Richards
36%
32 GK England Joe Walsh
27%
29 DF England Aaron Drewe
18%
19 MF England Elijah Dixon-Bonner
18%
21 DF France Ziyad Larkeche
18%
No matching quizzes found
Score Distribution
Percent of People with Each Score
Percentile by Number Answered
Your Score History
You have not taken this quiz